Mediaeval Ismaʻili history and thought
Đã lưu trong:
| 格式: | 圖書 |
|---|---|
| 語言: | Undetermined |
| 出版: |
New York
Cambridge University Press
1996
|
| 主題: | |
| 標簽: |
添加標簽
沒有標簽, 成為第一個標記此記錄!
|
| Thư viện lưu trữ: | Trung tâm Học liệu Trường Đại học Cần Thơ |
|---|
| LEADER | 00541nam a2200193Ia 4500 | ||
|---|---|---|---|
| 001 | CTU_167031 | ||
| 008 | 210402s9999 xx 000 0 und d | ||
| 020 | |c 35 | ||
| 082 | |a 297.822 | ||
| 082 | |b M489 | ||
| 245 | 0 | |a Mediaeval Ismaʻili history and thought | |
| 245 | 0 | |c edited by Farhad Daftary | |
| 260 | |a New York | ||
| 260 | |b Cambridge University Press | ||
| 260 | |c 1996 | ||
| 650 | |a Ismailites,Lịch sử Hồi giáo | ||
| 650 | |x History | ||
| 904 | |i Tuyến | ||
| 980 | |a Trung tâm Học liệu Trường Đại học Cần Thơ | ||